International journal of social economics

Gespeichert in:
Bibliographische Detailangaben
Format: Schriftenreihe
Sprache:Englisch
Veröffentlicht: Bradford MCB University Press
Schlagworte:
Tags: Tag hinzufügen
Keine Tags, Fügen Sie das erste Tag hinzu!

MARC

LEADER 00000nas1a22000001 4500
001 s120796
005 20250701092114.2
022 |a 0306-8293 
041 0 |a eng 
044 |a GB 
245 1 0 |a International journal of social economics 
264 1 |a Bradford  |b MCB University Press 
610 2 0 |a analýza ekonomická 
610 2 0 |a spoločnosť 
610 2 0 |a veda ekonomická